[Event "Maia op 7th"]
[Site "Maia"]
[Date "2023.08.31"]
[Round "7"]
[White "Zamengo, Fulvio"]
[Black "Lorscheid, Gerhard"]
[Result "1-0"]
[WhiteElo "2353"]
[BlackElo "2106"]
[PlyCount "129"]
[EventDate "2023.08.25"]
[EventType "swiss"]
[EventRounds "9"]
[EventCountry "POR"]
[SourceTitle "EXT 2024"]
[Source "ChessBase"]
[SourceDate "2023.10.10"]
[SourceVersion "1"]
[SourceVersionDate "2023.10.10"]
[SourceQuality "1"]

1. e4 d6 2. d4 Nf6 3. Nc3 e5 4. Nf3 Nbd7 5. Bc4 Be7 6. a4 0-0 7. 0-0 c6 8. Re1 h6 9. h3 Re8 10. a5 Qc7 11. Ba2 Nf8 12. d5 Bd7 13. Qd3 Rac8 14. Be3 Qb8 15. Nd2 Ng6 16. dxc6 bxc6 17. Rad1 Red8 18. Bb3 Be8 19. Nf1 d5 20. exd5 cxd5 21. Nxd5 Nxd5 22. Bxd5 Bb4 23. c3 Bxa5 24. Qxg6 Rxd5 25. Qg4 h5 26. Qe2 Bb5 27. Qxh5 Rxd1 28. Rxd1 Bxf1 29. Rxf1 Qxb2 30. Qxe5 Bxc3 31. Qf5 Ra8 32. Rb1 Qa2 33. Rc1 Bf6 34. g4 Qe6 35. Qa5 g6 36. Bxa7 Bd4 37. Rc7 Rxa7 38. Rxa7 Bxa7 39. Qxa7 Qe1+ 40. Kg2 Qe4+ 41. f3 Qd5 42. Qb8+ Kg7 43. Qb2+ Kg8 44. Qc3 Qd6 45. Qe3 Kg7 46. f4 Qd5+ 47. Kg3 Qd8 48. Qe5+ Kg8 49. Qg5 Qe8 50. Kf2 Qe4 51. Qe5 Qh1 52. Kg3 Qd1 53. Qe8+ Kg7 54. Kh4 Qd3 55. Qe5+ Kg8 56. Kg5 Qxh3 57. Kf6 Qh8+ 58. Ke7 Qh4+ 59. g5 Qg4 60. Qb8+ Kh7 61. Qb3 Kh8 62. Qb2+ Kg8 63. Qb8+ Kh7 64. Kf8 Qf3 65. Qa7 1-0

[Event "Maia op 7th"]
[Site "Maia"]
[Date "2023.08.25"]
[Round "1"]
[White "Zamengo, Fulvio"]
[Black "Roettgen, Juergen"]
[Result "1-0"]
[WhiteElo "2353"]
[BlackElo "2035"]
[PlyCount "53"]
[EventDate "2023.08.25"]
[EventType "swiss"]
[EventRounds "9"]
[EventCountry "POR"]
[SourceTitle "EXT 2024"]
[Source "ChessBase"]
[SourceDate "2023.10.10"]
[SourceVersion "1"]
[SourceVersionDate "2023.10.10"]
[SourceQuality "1"]

1. e4 c5 2. Nf3 e6 3. Bd3 Nc6 4. 0-0 d6 5. c3 g6 6. Bc2 Bg7 7. d4 cxd4 8. cxd4 Nge7 9. Nc3 Qb6 10. d5 exd5 11. exd5 Ne5 12. Ba4+ Bd7 13. Nxe5 Bxe5 14. Bxd7+ Kxd7 15. Qa4+ Kc8 16. Be3 Qa6 17. Qg4+ f5 18. Qh4 Kd7 19. Bg5 Ng8 20. Qb4 Rc8 21. Nb5 f4 22. Rfe1 Qb6 23. Bxf4 Rc5 24. Bxe5 dxe5 25. Qg4+ Kd8 26. Nc3 Qxb2 27. Na4 1-0

[Event "Prague Summer op 9th"]
[Site "Prague"]
[Date "2022.08.06"]
[Round "2"]
[White "Zamengo, Fulvio"]
[Black "Philipp, Mathias"]
[Result "0-1"]
[WhiteElo "2396"]
[BlackElo "2092"]
[PlyCount "118"]
[EventDate "2022.08.05"]
[EventType "swiss"]
[EventRounds "9"]
[EventCountry "CZE"]
[SourceTitle "CBM 209 Extra"]
[Source "ChessBase"]
[SourceDate "2022.09.30"]
[SourceVersion "1"]
[SourceVersionDate "2022.09.30"]
[SourceQuality "1"]

1. e4 c5 2. Nf3 Nc6 3. d4 cxd4 4. Nxd4 Nf6 5. Nc3 e5 6. Ndb5 d6 7. Nd5 Nxd5 8. exd5 Ne7 9. c4 Ng6 10. Qa4 Bd7 11. Qb4 Bf5 12. Be3 a6 13. Nc3 Be7 14. 0-0-0 0-0 15. Bd3 Bxd3 16. Rxd3 Qc7 17. Bb6 Qd7 18. g3 Qf5 19. Rd2 Rac8 20. Re1 Qg4 21. b3 f5 22. Kc2 Rf7 23. Qa4 Bg5 24. Rde2 Bf6 25. Qa3 Rd7 26. Qc1 e4 27. f4 exf3 28. Re6 Be5 29. Qe3 Rf8 30. Rf1 f4 31. Qe4 Qh5 32. Bg1 fxg3 33. hxg3 Qh3 34. Qd3 Qxg3 35. Be3 Nf4 36. Bxf4 Rxf4 37. Nd1 Qg5 38. b4 Rc7 39. c5 Rxb4 40. c6 bxc6 41. Re8+ Kf7 42. Rxe5 dxe5 43. d6 Rd7 44. Rxf3+ Rf4 45. Qb3+ Kf6 46. Rd3 e4 47. Rc3 Rxd6 48. Qb8 Re6 49. a4 Rf3 50. Qd8+ Kg6 51. Qc8 Rxc3+ 52. Nxc3 Qe5 53. Qxa6 e3 54. Qe2 h5 55. Kb3 Rd6 56. Qg2+ Kh6 57. a5 Qxa5 58. Qe4 Qg5 59. Qe8 Rd8 0-1

[Event "ITA-chT Final 52nd"]
[Site "Montesilvano"]
[Date "2021.09.26"]
[Round "3.4"]
[White "Zamengo, Fulvio"]
[Black "Raccanello, Marianna"]
[Result "1-0"]
[WhiteElo "2393"]
[BlackElo "2028"]
[PlyCount "61"]
[EventDate "2021.09.25"]
[EventType "team-tourn"]
[EventRounds "3"]
[EventCountry "ITA"]
[SourceTitle "CBM 204 Extra"]
[Source "ChessBase"]
[SourceDate "2021.11.30"]
[SourceVersion "1"]
[SourceVersionDate "2021.11.30"]
[SourceQuality "1"]
[WhiteTeam "Marostica Pizzato Elettrica"]
[BlackTeam "Rome Arrocco"]
[WhiteTeamCountry "ITA"]
[BlackTeamCountry "ITA"]

1. Nc3 c5 2. e4 Nc6 3. Nf3 g6 4. Bb5 Nd4 5. Nxd4 cxd4 6. Ne2 Bg7 7. 0-0 a6 8. Bd3 d5 9. exd5 Qxd5 10. c3 dxc3 11. dxc3 Nf6 12. Nf4 Qd6 13. Be2 Qc7 14. Bf3 0-0 15. Re1 e5 16. Nd5 Nxd5 17. Qxd5 Rb8 18. Bg5 Be6 19. Qd2 Rfe8 20. Bd5 Kh8 21. Rad1 Bxd5 22. Qxd5 f6 23. Be3 Rbd8 24. Qb3 b5 25. h3 Qc6 26. Qf7 Bf8 27. Rxd8 Rxd8 28. f4 exf4 29. Bd4 Bg7 30. Re6 Qd5 31. Re8+ 1-0

[Event "Mogliano Veneto op 42nd"]
[Site "Mogliano Veneto"]
[Date "2021.04.25"]
[Round "5"]
[White "Basso, Pier Luigi"]
[Black "Zamengo, Fulvio"]
[Result "1/2-1/2"]
[WhiteElo "2552"]
[BlackElo "2363"]
[PlyCount "152"]
[EventDate "2021.04.23"]
[EventType "swiss"]
[EventRounds "5"]
[EventCountry "ITA"]
[SourceTitle "EXT 2023"]
[Source "ChessBase"]
[SourceDate "2022.10.05"]
[SourceVersion "1"]
[SourceVersionDate "2022.10.05"]
[SourceQuality "1"]

1. d4 Nf6 2. c4 g6 3. Nc3 d5 4. Qb3 dxc4 5. Qxc4 Bg7 6. e4 0-0 7. Be2 a6 8. Bf4 b5 9. Qxc7 Qxd4 10. Rd1 Qb4 11. Rd2 Be6 12. a3 Qb3 13. Nf3 Nh5 14. Be5 Bh6 15. Nd5 Bxd5 16. Rxd5 a5 17. Rxb5 Qa4 18. g4 Qxe4 19. gxh5 Nc6 20. Kf1 Rac8 21. Qd7 Rcd8 22. Qh3 Rd2 23. Kg1 Qxe2 24. Nxd2 Qxb5 25. hxg6 Nxe5 26. Qxh6 fxg6 27. Qe3 Qd5 28. Qb3 Qxb3 29. Nxb3 Nd3 30. h4 a4 31. Nd4 Rxf2 32. Rh3 Rd2 33. Ne6 Rd1+ 34. Kh2 Re1 35. Rxd3 Rxe6 36. Rd4 Re2+ 37. Kg3 Rxb2 38. Rxa4 Rb3+ 39. Kg2 Kf7 40. Ra7 Kf6 41. a4 h5 42. a5 e5 43. a6 Ra3 44. Ra8 Kf5 45. Rf8+ Kg4 46. Rf6 Ra2+ 47. Kf1 g5 48. hxg5 Kxg5 49. Re6 Kf5 50. Rh6 Kg4 51. Rg6+ Kf3 52. Rf6+ Ke3 53. Rb6 e4 54. Rb3+ Kd4 55. Rh3 Rxa6 56. Rxh5 Ke3 57. Re5 Rf6+ 58. Ke1 Rh6 59. Kf1 Rf6+ 60. Ke1 Ra6 61. Kf1 Ra1+ 62. Kg2 Kd3 63. Kf2 Ra2+ 64. Kf1 Ke3 65. Re8 Ra1+ 66. Kg2 Rd1 67. Re7 Kd3 68. Kf2 Rd2+ 69. Kf1 Rc2 70. Rd7+ Ke3 71. Re7 Rh2 72. Re8 Rh1+ 73. Kg2 Rc1 74. Re7 Rc2+ 75. Kf1 Rf2+ 76. Ke1 Re2+ 1/2-1/2

[Event "Palmanova op 8th"]
[Site "Palmanova"]
[Date "2019.12.08"]
[Round "4"]
[White "Margl, Roland"]
[Black "Zamengo, Fulvio"]
[Result "1/2-1/2"]
[WhiteElo "2249"]
[BlackElo "2357"]
[PlyCount "154"]
[EventDate "2019.12.06"]
[EventType "swiss"]
[EventRounds "5"]
[EventCountry "ITA"]
[SourceTitle "CBM 193 Extra"]
[Source "ChessBase"]
[SourceDate "2020.01.31"]
[SourceVersion "1"]
[SourceVersionDate "2020.01.31"]
[SourceQuality "1"]

1. d4 e6 2. e4 d5 3. exd5 exd5 4. Nf3 Bd6 5. c4 dxc4 6. Bxc4 Nf6 7. 0-0 0-0 8. Bg5 Nc6 9. Nc3 h6 10. Bh4 Bg4 11. d5 Ne5 12. Be2 Ng6 13. Bg3 Bxg3 14. hxg3 Re8 15. Re1 a6 16. Qb3 Qd6 17. Qxb7 Reb8 18. Qc6 Qxc6 19. dxc6 Rxb2 20. Rab1 Rc2 21. Rec1 Rxc1+ 22. Rxc1 Ne7 23. Rb1 Nxc6 24. Rb7 Ne8 25. Nd5 Bc8 26. Rb2 Be6 27. Nf4 Bd7 28. a3 Rb8 29. Rc2 Rb1+ 30. Bf1 Nf6 31. Nd2 Rd1 32. f3 g5 33. Ne2 Nd5 34. Kf2 Ne5 35. Nd4 Ba4 36. Rb2 c5 37. N4b3 Bxb3 38. Nxb3 c4 39. Rd2 Rxd2+ 40. Nxd2 Nb6 41. Ke3 c3 42. Nb3 Nec4+ 43. Kd4 Nxa3 44. Bxa6 Na4 45. Bc8 c2 46. Bd7 Nb6 47. Bc6 Nbc4 48. Nc1 Kg7 49. Bd5 Nd6 50. g4 Kf6 51. Bb3 Nab5+ 52. Kd3 Ke5 53. Bxc2 Nd4 54. Bd1 Ne6 55. Ke3 Nf4 56. g3 Nd5+ 57. Kd3 Nb4+ 58. Ke3 Nc4+ 59. Kf2 Kd4 60. Bb3 Ne5 61. Ke2 f6 62. Be6 Ned3 63. Nxd3 Nxd3 64. Bc8 Nc1+ 65. Kd2 Nb3+ 66. Ke2 Nc5 67. Bf5 Nb7 68. Bc8 Nd6 69. Bd7 Nc4 70. Bf5 Ke5 71. Bd3 Nb6 72. Bh7 Nc4 73. Bd3 Nd6 74. Ke3 Kd5 75. Bh7 Nc4+ 76. Kd3 Nb2+ 77. Kc2 Na4 1/2-1/2

[Event "ITA-chTA 51st"]
[Site "Brixen Bressanone"]
[Date "2019.04.29"]
[Round "7.4"]
[White "Zamengo, Fulvio"]
[Black "Loiacono, Antonio"]
[Result "0-1"]
[WhiteElo "2370"]
[BlackElo "2206"]
[PlyCount "98"]
[EventDate "2019.04.26"]
[EventType "team-swiss"]
[EventRounds "7"]
[EventCountry "ITA"]
[SourceTitle "CBM 190 Extra"]
[Source "ChessBase"]
[SourceDate "2019.07.15"]
[SourceVersion "1"]
[SourceVersionDate "2019.07.15"]
[SourceQuality "1"]
[WhiteTeam "Marostica Pizzato Elettrica"]
[BlackTeam "Montebelluna Master"]
[WhiteTeamCountry "ITA"]
[BlackTeamCountry "ITA"]

1. e4 e5 2. Nf3 Nc6 3. Bb5 g6 4. c3 a6 5. Ba4 Bg7 6. d4 exd4 7. cxd4 b5 8. Bc2 d6 9. d5 Na5 10. 0-0 Ne7 11. a4 Bd7 12. Nc3 0-0 13. axb5 axb5 14. Nd4 b4 15. Nce2 Re8 16. Ba4 Bxa4 17. Rxa4 c5 18. dxc6 Nexc6 19. Nxc6 Nxc6 20. Ng3 Be5 21. Rxa8 Qxa8 22. f4 Bd4+ 23. Kh1 Qa6 24. Qf3 Qb5 25. b3 Re7 26. Rd1 Ra7 27. Be3 Qc5 28. Bxd4 Nxd4 29. Qd3 Ra3 30. h3 Nxb3 31. e5 Na5 32. Qxd6 Qxd6 33. exd6 Rxg3 34. d7 Nb7 35. d8Q+ Nxd8 36. Rxd8+ Kg7 37. Rb8 b3 38. Rb6 h5 39. Kg1 h4 40. Kf2 f5 41. Rb4 Kf6 42. Rd4 Ke6 43. Rd8 Rc3 44. Rd4 Rc2+ 45. Kf3 b2 46. Rb4 Kd5 47. g3 Kc5 48. Rb8 Kc4 49. gxh4 Rc3+ 0-1

[Event "Treviso Master op 3rd"]
[Site "Treviso"]
[Date "2019.03.30"]
[Round "2.2"]
[White "Zamengo, Fulvio"]
[Black "Loiacono, Leonardo"]
[Result "1/2-1/2"]
[WhiteElo "2370"]
[BlackElo "2263"]
[PlyCount "79"]
[EventDate "2019.03.29"]
[EventType "swiss"]
[EventRounds "5"]
[EventCountry "ITA"]
[SourceTitle "EXT 2024"]
[Source "ChessBase"]
[SourceDate "2023.10.10"]
[SourceVersion "1"]
[SourceVersionDate "2023.10.10"]
[SourceQuality "1"]

1. Nf3 d5 2. g3 Bg4 3. Bg2 c6 4. h3 Bh5 5. 0-0 Nd7 6. d4 e6 7. c4 Ngf6 8. Qb3 Qb6 9. Nc3 Qb4 10. c5 Qxb3 11. axb3 a6 12. b4 Rd8 13. Bf4 h6 14. g4 g5 15. Bc7 Rc8 16. Bg3 Bg6 17. Ne5 Bh7 18. f3 Bg7 19. e4 0-0 20. Rfe1 Nxe5 21. Bxe5 Ne8 22. exd5 exd5 23. Bxg7 Nxg7 24. Re7 Rb8 25. Re3 Rfe8 26. Rae1 Rxe3 27. Rxe3 Ne6 28. Ne2 Kf8 29. Kf2 Re8 30. Bf1 f5 31. gxf5 Bxf5 32. Re5 Bg6 33. Ke3 Kf7 34. f4 Ng7 35. Ng3 Re7 36. Rxe7+ Kxe7 37. Be2 Nf5+ 38. Nxf5+ Bxf5 39. fxg5 hxg5 40. Bg4 1/2-1/2

[Event "ITA-ch U20 78th"]
[Site "Salerno"]
[Date "2018.11.28"]
[Round "2"]
[White "Zamengo, Fulvio"]
[Black "Palozza, Christian"]
[Result "1-0"]
[WhiteElo "2363"]
[BlackElo "2296"]
[PlyCount "131"]
[EventDate "2018.11.27"]
[EventType "tourn"]
[EventRounds "7"]
[EventCountry "ITA"]
[EventCategory "2"]
[SourceTitle "CBM 187 Extra"]
[Source "ChessBase"]
[SourceDate "2018.11.04"]
[SourceVersion "1"]
[SourceVersionDate "2018.11.04"]
[SourceQuality "1"]

1. e4 c6 2. d4 d5 3. e5 c5 4. dxc5 e6 5. a3 Bxc5 6. Nf3 Ne7 7. Bd3 Ng6 8. 0-0 0-0 9. b4 Bb6 10. Re1 Bd7 11. h4 f6 12. h5 Nxe5 13. Bf1 Ng4 14. Re2 Bb5 15. Rd2 Bxf1 16. Qxf1 Qc7 17. Bb2 Nd7 18. Qd1 Qg3 19. Bd4 Bxd4 20. Nxd4 Qh2+ 21. Kf1 Qh1+ 22. Ke2 Qxg2 23. Qf1 Qh2 24. Kd1 Qxh5 25. Kc1 Qe5 26. f4 Qe3 27. a4 e5 28. Ne6 Rfc8 29. Qg2 Qe1+ 30. Kb2 exf4 31. Qxg4 Qe5+ 32. Nd4 Nb6 33. Rd3 Nc4+ 34. Kb3 Ne3 35. Qe6+ Kh8 36. Nc3 a5 37. bxa5 Qc7 38. Qb6 Rxa5 39. Qxc7 Rxc7 40. Ne6 Rd7 41. Nxf4 d4 42. Nb5 Nf5 43. c4 Ra8 44. Nd5 Re8 45. Nxd4 Nd6 46. Nb5 Ne4 47. Kb4 g5 48. Rf1 Kg7 49. Re3 Nd2 50. Rd1 Re4 51. Rxe4 Nxe4 52. Nd4 Kg6 53. Ne6 Rd6 54. Nc5 Kf5 55. Nxb7 Ra6 56. c5 Ke5 57. Nb6 h5 58. a5 Nxc5 59. Nxc5 Ra7 60. Rd7 Rxa5 61. Kxa5 h4 62. Rh7 f5 63. Kb4 Kf4 64. Ne6+ Kg4 65. Nd5 h3 66. Nxg5 1-0

[Event "Presolana op 38th"]
[Site "Presolana"]
[Date "2018.08.23"]
[Round "6"]
[White "Zamengo, Fulvio"]
[Black "Montilli, Vincenzo"]
[Result "1-0"]
[WhiteElo "2353"]
[BlackElo "2262"]
[PlyCount "55"]
[EventDate "2018.08.18"]
[EventType "swiss"]
[EventRounds "9"]
[EventCountry "ITA"]
[SourceTitle "CBM 186 Extra"]
[Source "ChessBase"]
[SourceDate "2018.08.24"]
[SourceVersion "1"]
[SourceVersionDate "2018.08.24"]
[SourceQuality "1"]

1. e4 e6 2. d4 d5 3. Nc3 Nc6 4. Be3 Nf6 5. e5 Nd7 6. f4 Be7 7. Nf3 f6 8. h4 Nb6 9. a3 Na5 10. b3 Nc6 11. Bd3 Bd7 12. Qe2 a5 13. Nd1 a4 14. b4 Na7 15. c3 f5 16. g4 0-0 17. Bc1 Qe8 18. gxf5 exf5 19. Rg1 Bb5 20. Qg2 Rf7 21. Bxf5 Bf8 22. Bb1 Be7 23. h5 Bd7 24. Ne3 Nb5 25. Qc2 g6 26. hxg6 Rg7 27. f5 Nc4 28. Nxd5 1-0

[Event "Presolana op 38th"]
[Site "Presolana"]
[Date "2018.08.19"]
[Round "2"]
[White "Zamengo, Fulvio"]
[Black "Maiorov, Nikita"]
[Result "0-1"]
[WhiteElo "2353"]
[BlackElo "2504"]
[PlyCount "128"]
[EventDate "2018.08.18"]
[EventType "swiss"]
[EventRounds "9"]
[EventCountry "ITA"]
[SourceTitle "CBM 186 Extra"]
[Source "ChessBase"]
[SourceDate "2018.08.24"]
[SourceVersion "1"]
[SourceVersionDate "2018.08.24"]
[SourceQuality "1"]

1. e4 e5 2. Nf3 Nc6 3. Bb5 a6 4. Ba4 Nf6 5. 0-0 Be7 6. d3 b5 7. Bb3 0-0 8. a4 b4 9. Nbd2 d6 10. Nc4 h6 11. h3 Be6 12. c3 bxc3 13. bxc3 Rb8 14. Re1 Re8 15. Ba2 Ra8 16. Bd2 Bf8 17. Qc2 Qc8 18. Ne3 Nd8 19. Rab1 Bxa2 20. Qxa2 Ne6 21. Qc2 Qd7 22. c4 Reb8 23. a5 c6 24. Rxb8 Rxb8 25. Rb1 Qc7 26. Bc3 Nc5 27. Nd2 Rb7 28. Kf1 Nfd7 29. Rxb7 Qxb7 30. g3 Ne6 31. Nb3 g6 32. Bd2 h5 33. Nd1 Be7 34. Nb2 h4 35. Kg2 hxg3 36. fxg3 d5 37. cxd5 cxd5 38. Na4 dxe4 39. dxe4 Nf6 40. Nc3 Nd4 41. Nxd4 exd4 42. Nd5 Nxd5 43. exd5 Qxd5+ 44. Kh2 Qf3 45. Bf4 g5 46. Be5 d3 47. Qd2 Kh7 48. Bc3 Bc5 49. Qg2 Qxg2+ 50. Kxg2 Be3 51. Kf3 Bc1 52. g4 Kg6 53. Bd4 f5 54. gxf5+ Kxf5 55. Bb6 Ke6 56. Kf2 Kd5 57. Ke1 Ke4 58. Kf2 Bd2 59. Kg2 Be1 60. Kf1 Bh4 61. Bc5 Kf3 62. Bb4 Bg3 63. Bc3 Bf4 64. Ke1 Kg3 0-1

[Event "ITA-chT 50th"]
[Site "Gallipoli"]
[Date "2018.04.28"]
[Round "3.1"]
[White "Rombaldoni, Denis"]
[Black "Zamengo, Fulvio"]
[Result "1-0"]
[WhiteElo "2486"]
[BlackElo "2324"]
[PlyCount "105"]
[EventDate "2018.04.27"]
[EventType "team-swiss"]
[EventRounds "7"]
[EventCountry "ITA"]
[SourceTitle "CBM 184 Extra"]
[Source "ChessBase"]
[SourceDate "2018.06.28"]
[SourceVersion "1"]
[SourceVersionDate "2018.06.28"]
[SourceQuality "1"]
[WhiteTeam "Chieti"]
[BlackTeam "Montebelluna Master"]
[WhiteTeamCountry "ITA"]
[BlackTeamCountry "ITA"]

1. d4 Nf6 2. Nc3 e6 3. Bf4 b6 4. e4 d5 5. exd5 exd5 6. Bb5+ Bd7 7. Bxd7+ Qxd7 8. Nf3 Be7 9. 0-0 0-0 10. Qd3 c6 11. Ne5 Qb7 12. Rfe1 Re8 13. Re3 Nbd7 14. Rae1 Nxe5 15. Bxe5 Ng4 16. R3e2 Qd7 17. Bf4 Bb4 18. f3 Rxe2 19. Rxe2 Nf6 20. Be5 Ne8 21. Nd1 Bf8 22. Nf2 f6 23. Bf4 Nd6 24. g4 g6 25. b3 Re8 26. a4 Rxe2 27. Qxe2 Kf7 28. Kf1 Ne8 29. Nd3 Qe6 30. Qxe6+ Kxe6 31. Bb8 a6 32. Ba7 b5 33. Bc5 Bd6 34. Nb4 bxa4 35. bxa4 Bxh2 36. Nxc6 Nd6 37. Nb4 a5 38. Nd3 Nc4 39. f4 Ne3+ 40. Kf2 Nxg4+ 41. Kf3 h5 42. Bb6 Bg1 43. Kg2 Be3 44. c3 Bd2 45. Bxa5 Ne3+ 46. Kf3 Nd1 47. Bb4 Bxc3 48. Nc5+ Kf5 49. a5 g5 50. fxg5 fxg5 51. a6 g4+ 52. Ke2 g3 53. a7 1-0

[Event "ITA-ch U20 77th"]
[Site "Cosenza"]
[Date "2017.12.04"]
[Round "2"]
[White "Montilli, Vincenzo"]
[Black "Zamengo, Fulvio"]
[Result "0-1"]
[WhiteElo "2247"]
[BlackElo "2310"]
[PlyCount "88"]
[EventDate "2017.12.03"]
[EventType "tourn"]
[EventRounds "7"]
[EventCountry "ITA"]
[EventCategory "2"]
[SourceTitle "CBM 182 Extra"]
[Source "ChessBase"]
[SourceDate "2018.02.23"]
[SourceVersion "1"]
[SourceVersionDate "2018.02.23"]
[SourceQuality "1"]

1. c4 g6 2. Nf3 Bg7 3. g3 c5 4. Bg2 Nc6 5. Nc3 d6 6. 0-0 Nh6 7. d4 cxd4 8. Bxh6 Bxh6 9. Nxd4 Ne5 10. b3 0-0 11. Qc2 Rb8 12. e3 Bd7 13. Rfd1 Bg7 14. Rac1 Re8 15. h3 Qc8 16. Kh2 Nc6 17. Nd5 Nxd4 18. exd4 Bh6 19. f4 Bg7 20. Qf2 Bc6 21. a4 b6 22. Rc2 a6 23. Nb4 Bxg2 24. Qxg2 e5 25. fxe5 dxe5 26. Nc6 Ra8 27. d5 e4 28. Re2 f5 29. g4 Kh8 30. Rf1 Qd7 31. gxf5 gxf5 32. Qf2 Rf8 33. Qxb6 Qd6+ 34. Kh1 Rae8 35. Rg2 Qh6 36. Qg1 f4 37. Qh2 f3 38. Rgg1 e3 39. d6 f2 40. Ne7 fxg1Q+ 41. Rxg1 e2 42. Qxe2 Qxh3+ 43. Qh2 Qxh2+ 44. Kxh2 Be5+ 0-1